000 00971cam a2200193 4500
001 WS119260
008 020808n 000 0 eng u
035 _a(Sirsi) u119260
110 _aChartered Institute of Arbitrators
_91994
245 _aChartered Institute of Arbitrators
520 _aWeb site for this professional organisation for arbitrators, mediators and adjudicators. Includes details of their dispute resolution service, information for consumers and details of clauses and rules.
650 _aORGANISATION
650 _aMANAGEMENT-DISPUTE AVOIDANCE, MANAGEMENT AND RESOLUTION-DISPUTE MANAGEMENT AND RESOLUTION-ARBITRATION
650 _aMEDIATION
650 _aMANAGEMENT-DISPUTE AVOIDANCE, MANAGEMENT AND RESOLUTION-DISPUTE MANAGEMENT AND RESOLUTION-ALTERNATIVE DISPUTE RESOLUTION-ADJUDICATION
690 _aDispute resolution
_96236
856 4 0 _uhttps://www.arbitrators.org
_zView the website free of charge at www.arbitrators.org...
942 _n0
999 _c120149
_d120149